<?xml version="1.0" encoding="UTF-8"?>
<record
    xmlns:xsi="http://www.w3.org/2001/XMLSchema-instance"
    xsi:schemaLocation="http://www.loc.gov/MARC21/slim http://www.loc.gov/standards/marcxml/schema/MARC21slim.xsd"
    xmlns="http://www.loc.gov/MARC21/slim">

  <leader>01972nam a2200265   4500</leader>
  <controlfield tag="001">ESSALUD</controlfield>
  <controlfield tag="007">ta</controlfield>
  <controlfield tag="008">      t2026    pe ||||| |||| 00| 0 spa d</controlfield>
  <datafield tag="040" ind1=" " ind2=" ">
    <subfield code="a">BMG</subfield>
  </datafield>
  <datafield tag="041" ind1=" " ind2=" ">
    <subfield code="a">spa</subfield>
  </datafield>
  <datafield tag="100" ind1=" " ind2=" ">
    <subfield code="a">Philipps Alvarez, Andrea Luciana</subfield>
    <subfield code="e">autor</subfield>
    <subfield code="9">52690</subfield>
  </datafield>
  <datafield tag="245" ind1=" " ind2=" ">
    <subfield code="a">Epidemiolog&#xED;a de las leucemias en la poblaci&#xF3;n cubierta por el Fondo Intangible Solidario de Salud (FISSAL), 2022-2023</subfield>
  </datafield>
  <datafield tag="300" ind1=" " ind2=" ">
    <subfield code="a">p&#xE1;ginas 25-31</subfield>
  </datafield>
  <datafield tag="520" ind1=" " ind2=" ">
    <subfield code="a">Caracterizar los diagn&#xF3;sticos de leucemia en la poblaci&#xF3;n cubierta por el Fondo Intangible Solidario de Salud (FISSAL) del Seguro Integral de Salud (SIS) en 2022-2023. Se realiz&#xF3; un estudio observacional y descriptivo, ejecutado con datos de fuente secundaria provenientes del FISSAL (SIS) del Per&#xFA; que contiene registros de atenciones oncol&#xF3;gicas del 2022 y 2023. Se analizaron 7 771 diagn&#xF3;sticos correspondientes a 5 443 pacientes; las leucemias agudas fueron las m&#xE1;s prevalentes (65,1%) afectando principalmente a la poblaci&#xF3;n infantil, mientras que las leucemias cr&#xF3;nicas mostraron un marcado predominio en la poblaci&#xF3;n adulta (80,6%). Se evidencian variaciones entre edad y regi&#xF3;n, adem&#xE1;s de una fuerte concentraci&#xF3;n de diagn&#xF3;sticos en la capital. Estos hallazgos resaltan la urgente necesidad de descentralizar la atenci&#xF3;n oncohematol&#xF3;gica y mejorar la distribuci&#xF3;n equitativa de recursos para garantizar un diagn&#xF3;stico oportuno y un tratamiento efectivo en todas las ciudades del pa&#xED;s.</subfield>
  </datafield>
  <datafield tag="650" ind1=" " ind2=" ">
    <subfield code="a">LEUCEMIA</subfield>
    <subfield code="9">33873</subfield>
  </datafield>
  <datafield tag="650" ind1=" " ind2=" ">
    <subfield code="a">EPIDEMIOLOG&#xCD;A</subfield>
  </datafield>
  <datafield tag="650" ind1=" " ind2=" ">
    <subfield code="a">SEGURO DE SALUD</subfield>
    <subfield code="9">2768</subfield>
  </datafield>
  <datafield tag="650" ind1=" " ind2=" ">
    <subfield code="a">PER&#xDA;</subfield>
    <subfield code="9">13</subfield>
  </datafield>
  <datafield tag="700" ind1=" " ind2=" ">
    <subfield code="a">Carrasco Villa, Lady Maribel</subfield>
    <subfield code="e">autor</subfield>
    <subfield code="9">52691</subfield>
  </datafield>
  <datafield tag="700" ind1=" " ind2=" ">
    <subfield code="a">Zavala Alata, Sonia Natalia</subfield>
    <subfield code="e">autor</subfield>
    <subfield code="9">52692</subfield>
  </datafield>
  <datafield tag="700" ind1=" " ind2=" ">
    <subfield code="a">Rolando Espinoza, Sophie Gwineth</subfield>
    <subfield code="e">autor</subfield>
    <subfield code="9">52693</subfield>
  </datafield>
  <datafield tag="700" ind1=" " ind2=" ">
    <subfield code="a">Macciotta Casassa, Mateo</subfield>
    <subfield code="e">autor</subfield>
    <subfield code="9">52694</subfield>
  </datafield>
  <datafield tag="773" ind1="0" ind2=" ">
    <subfield code="0">22497</subfield>
    <subfield code="9">22595</subfield>
    <subfield code="d">Lima :  IETSI</subfield>
    <subfield code="o">CITES01</subfield>
    <subfield code="t">Ciencia y Tecnolog&#xED;a aplicada a la Salud P&#xFA;blica</subfield>
    <subfield code="w">ESSALUD</subfield>
    <subfield code="x">3119-7981</subfield>
  </datafield>
  <datafield tag="942" ind1=" " ind2=" ">
    <subfield code="c">ARTICULOS</subfield>
    <subfield code="e">2026-06-11</subfield>
    <subfield code="z">AFC</subfield>
  </datafield>
  <datafield tag="999" ind1=" " ind2=" ">
    <subfield code="c">22519</subfield>
    <subfield code="d">22519</subfield>
  </datafield>
</record>
